Preskoči na sadržaj
VuFind
Jezik
English
Deutsch
Español
Français
Italiano
日本語
Nederlands
Português
Português (Brasil)
中文(简体)
中文(繁體)
Türkçe
עברית
Gaeilge
Cymraeg
Ελληνικά
Català
Euskara
Русский
Čeština
Suomi
Svenska
polski
Dansk
slovenščina
اللغة العربية
বাংলা
Galego
Tiếng Việt
Hrvatski
हिंदी
Sva polja
Naslov
Autor
Tema
Signatura
ISBN/ISSN
Oznaka
Nađi
Napredno
ZZZZZZZ27
Citiraj ovo
Pošalji ovo e-poštom
Ispiši
Izvezi zapis
Izvezi u RefWorks
Izvezi u EndNoteWeb
Izvezi u EndNote
permanent_link
Učitavanje...
ZZZZZZZ27
Bibliografski detalji
Jezik:
English
Primjerci
Opis
Similar Items
Prikaz za djelatnike knjižnice
LEADER
00187nam a22000857a 4500
005
20160323130600.0
008
130125t xxu||||| |||| 00| 0 eng d
245
|a
ZZZZZZZ27
942
|c
BK
|6
_
999
|c
160121
|d
160121
Similar Items
ZZZZZZZ26
ZZZZZZZ31
27 ഡൗണ്
od: പി എഫ് മാത്യൂസ്, i dr.
Izdano: (2011)
Viswasahithyamala27: Mobidic /
od: Melvil, Hermen
Izdano: (1983)
27 Brand practices
od: Kapoor, Jagdeep
Izdano: (2004)
Učitavanje...